| 000 | 00613nam a2200217Ia 4500 | ||
|---|---|---|---|
| 008 | 170918s9999 xx 000 0 und d | ||
| 020 | _a9780439085731 | ||
| 050 | _bB496 1999 | ||
| 100 | _aBerger, Melvin | ||
| 245 | _aCan it rain cats and dogs? : | ||
| 245 | _bquestions & answers about weather / | ||
| 245 | _cMelvin Berger and Gilda Berger ; illustrated by Robert Sullivan / | ||
| 260 | _aNew York : | ||
| 260 | _bScholastic, | ||
| 260 | _c1999 | ||
| 300 | _a48 pages : | ||
| 300 | _bcolored illustration ; | ||
| 300 | _c21cm. | ||
| 440 | _aScholastic question * answer series. | ||
| 500 | _a710 | ||
| 999 |
_c341747 _d341747 |
||